[Event "Titled Tue 17th Dec Early"]
[Site "chess.com INT"]
[Date "2024.12.17"]
[Round "11"]
[White "Paravyan, D."]
[Black "Henriquez Villagra, C."]
[Result "1-0"]
[WhiteElo "2620"]
[BlackElo "2594"]
[PlyCount "85"]
[EventDate "2024.12.17"]
[EventType "swiss (blitz)"]
[EventRounds "11"]
[SourceTitle "The Week in Chess 1572"]
[Source "Mark Crowther"]
[SourceDate "2024.12.23"]
[SourceVersion "2"]
[SourceVersionDate "2024.12.24"]
[SourceQuality "2"]

1. Nf3 d5 2. e3 c6 3. b3 Bf5 ({RR} 3... Bg4 4. h3 Bxf3 5. Qxf3 e6 6. Bb2 Nd7 7. c4 Ngf6 8. Qd1 g6 9. Nc3 Bg7 10. d4 O-O 11. Be2 Qe7 12. O-O Rfd8 13. Rc1 a6 14. Bf3 Nb6 15. Qe2 h5 16. g3 Nbd7 17. Rfd1 Nf8 18. Bg2 {Artemiev,V (2731)-Jobava,B (2604) Moscow 2019 ½-½ (71)}) 4. Nh4 ({RR} 4. Bb2 e6 5. d3 Nf6 6. Nbd2 Be7 7. g3 O-O 8. Bg2 Nbd7 9. O-O Bg6 10. Qe2 a5 11. a3 a4 12. b4 c5 13. bxc5 Bxc5 14. h3 b5 15. Rfb1 Rb8 16. Nh4 Qc7 17. g4 e5 18. g5 Nh5 {Sanguinetti,L (2178)-Jahnz,L (2157) chess.com INT 2025 0-1 (51)}) 4... Bg6 $146 ({RR} 4... Be4 5. d3 e6 6. dxe4 Qxh4 7. exd5 exd5 8. Bb2 Nf6 9. Nd2 Nbd7 10. Nf3 Qb4+ 11. c3 Qa5 12. Bd3 Ne4 13. O-O O-O-O 14. c4 Ba3 15. Qc2 Bxb2 16. Qxb2 Ndc5 17. Bc2 Qc3 18. Qxc3 Nxc3 19. b4 {Materia,M (2457)-Hari,M (2386) chess.com INT 2024 1-0 (54)}) 5. Bb2 Nd7 6. g3 e6 7. Bg2 Ngf6 8. Nxg6 hxg6 9. d3 Bd6 10. Nd2 Be5 11. d4 Bd6 12. Qe2 Qe7 13. a3 e5 14. c4 O-O 15. cxd5 Nxd5 16. Nc4 exd4 17. Bxd5 cxd5 18. Nxd6 Qxd6 19. Bxd4 Nc5 20. Bxc5 Qxc5 21. O-O Rac8 22. Rfd1 Rfd8 23. Rd3 a6 24. b4 Qb5 25. Rad1 d4 26. Qd2 Qa4 27. exd4 Rc2 28. Qe3 Re8 29. Qf4 Rce2 30. d5 Qc2 31. Qf3 g5 32. h3 Re1+ 33. Kg2 g4 34. hxg4 R8e2 35. Rxe1 Rxe1 36. d6 Qb1 37. d7 Rg1+ 38. Kh2 Rh1+ 39. Qxh1 Qxd3 40. Qxb7 Kh7 41. Kg2 g6 42. Qc6 Qd4 43. a4 1-0

[Event "Division I"]
[Site "Chess.com"]
[Date "2024.05.13"]
[Round "54.1"]
[White "Firouzja, Alireza"]
[Black "Keymer, Vincent"]
[Result "1-0"]
[WhiteElo "2847"]
[BlackElo "2814"]
[Annotator "Stockfish 16.1"]
[PlyCount "109"]
[EventDate "2024.??.??"]
[WhiteTeam "FRA"]
[BlackTeam "GER"]
[WhiteClock "0:00:09"]
[BlackClock "0:00:06"]

{[%evp 9,109,0,26,26,26,26,26,26,26,26,26,21,31,22,128,73,87,76,82,83,116,116,151,158,189,187,188,173,259,0,0,0,191,178,244,257,263,200,310,287,316,308,443,437,460,456,510,447,446,423,475,447,502,449,527,448,486,466,492,485,496,485,486,470,525,498,485,471,551,488,543,490,502,466,612,590,823,639,701,622,671,460,491,477,529,478,509,282,494,490,489,371,468,474,681,427,424,419,446,449,446,453]} 1. Nf3 Nf6 2. b3 c5 3. Bb2 Nc6 4. e3 g6 5. Nc3 ({RR} 5. d4 cxd4 6. Nxd4 Bg7 7. Be2 O-O 8. O-O Nxd4 9. Bxd4 d5 10. Nd2 Qd6 11. c4 Rd8 12. cxd5 Qxd5 13. Bf3 Qf5 14. Rc1 Ne8 15. Rc5 e5 16. Nc4 f6 17. Rd5 Rxd5 18. Bxd5+ Kh8 19. Bc5 Qd7 {Firouzja,A (2760)-Abasov,N (2632) Toronto CAN 2024 1-0}) ({RR} 5. c4 Bg7 6. d4 cxd4 7. Nxd4 O-O 8. Be2 d5 9. Nxc6 bxc6 10. O-O Be6 11. Qc2 a5 12. Nc3 Bf5 13. Qc1 Ne4 14. Nxe4 Bxb2 15. Qxb2 Bxe4 16. Rfd1 Qb6 17. Qe5 e6 18. h4 a4 19. h5 Qb8 {Gatterer,F (2170)-Rose,F (2091) chess.com INT 2024 0-1}) 5... e5 $146 ({RR} 5... Bg7 6. Ne4 d6 7. Nxf6+ Bxf6 8. Bxf6 exf6 9. Be2 O-O 10. O-O f5 11. g3 Ne5 12. Nh4 Qc7 13. d4 Ng4 14. e4 Nh6 15. Qd2 Kg7 16. f3 f6 17. Bc4 Bd7 18. Rad1 Rad8 19. Rfe1 fxe4 20. Rxe4 {Zak,U (2405)-Gradwohl,J (2160) Graz 1996 1-0 (46)}) 6. Bb5 Qe7 7. O-O Bg7 8. d4 {White wants to play d5.White has an edge.} e4 9. Nd2 cxd4 10. Nc4 $1 O-O 11. Ba3 $36 {[%mdl 2048] White has the initiative.} Nb4 (11... Qd8 $11 12. Bxf8 (12. exd4 Ne7 $16) 12... Qxf8) 12. Qxd4 d5 {[#]} 13. Nb6 $1 {[%mdl 64] Double Attack} (13. Na5 $6 Ng4 $11) 13... Ng4 14. Qxb4 Qh4 {[%csl Gg4][%cal Rh4h2]} 15. h3 axb6 16. Nxd5 (16. hxg4 Rxa3 17. Nxd5 (17. Qxa3 Bxc3 18. Qd6 Bxg4 $15) 17... Be5 $11) 16... Rxa3 17. Ne7+ {[%mdl 64] Zwischenzug} ({Weaker is} 17. Qxa3 Bxa1 18. c3 (18. hxg4 Be5 $11) 18... Qg5 $14) (17. hxg4 Be5 $11) 17... Kh8 18. Qxa3 Be6 (18... Nh2 $142) 19. Qd6 $2 (19. hxg4 $18 Bxg4 20. Rfd1) 19... Ne5 $1 $11 20. Be2 Re8 $2 {[#]} (20... Qg5 $11 {and Black is okay.}) 21. Rad1 $1 $18 Bxh3 22. gxh3 Qxh3 {intending ...Qh4.} 23. Nd5 {Strongly threatening Nf4.} h5 (23... Qh4 $142) 24. Nf4 (24. Qxb6 Nf3+ 25. Bxf3 exf3 $19) 24... Qh4 25. Qd5 Kh7 (25... Qg5+ $142 26. Ng2 Qf5) 26. Ng2 Qg5 27. Qxe4 Re6 28. Qf4 Qe7 29. Qg3 Bf6 30. Qh3 Rc6 31. c4 {Black must now prevent f4.} Bg7 32. Nf4 Qg5+ 33. Qg2 Qh4 34. Rd4 Qe7 35. Nd5 Qe8 36. Re4 {aiming for f4.} Qd8 37. f4 Nd7 38. f5 {Hoping for Re7.} Nc5 39. Ref4 {[%cal Be4f4,Bf4f3,Bf3h3][%mdl 32]} Be5 40. R4f3 Kh6 41. Rh3 Qe8 42. Kh1 Bb8 43. Bf3 Qe5 44. Rg1 Qxf5 45. Bg4 Qe5 46. Bd1 Re6 47. Bc2 Kg7 48. Qg3 Qb2 $2 (48... Qxg3 49. Rhxg3 Bxg3) 49. Qxb8 {Threatening mate with Rxh5.} Qxc2 50. Qh2 Qd3 51. Qb2+ Kg8 (51... f6 $142 52. Nf4 Qe4+ 53. Kh2 Nd3 54. Nxe6+ Qxe6) 52. Nf4 Qe4+ 53. Qg2 Rd6 54. Qxe4 Nxe4 55. Rxh5 {Accuracy: White = 89%, Black = 60%.} 1-0

[Event "Division I"]
[Site "Chess.com"]
[Date "2024.05.11"]
[Round "51.1"]
[White "Firouzja, Alireza"]
[Black "Sarana, Alexey"]
[Result "1-0"]
[WhiteElo "2826"]
[BlackElo "2724"]
[Annotator "Stockfish 16.1"]
[PlyCount "149"]
[EventDate "2024.??.??"]
[WhiteTeam "FRA"]
[BlackTeam "SRB"]
[WhiteClock "0:00:13"]
[BlackClock "0:00:07"]

{[%evp 9,149,10,7,-20,-18,-19,19,-15,-16,-12,-14,-24,0,-49,-37,-24,0,0,3,-17,-14,-36,-37,-30,-37,-35,-39,-104,-108,-113,-107,-110,-106,-117,-116,-222,-227,-241,-213,-208,-211,-209,-206,-233,-200,-192,-179,-280,-254,-251,-233,-236,-230,-234,-221,-222,-187,-258,-185,-188,-178,-185,-188,-188,-188,-189,-185,-186,-170,-186,-182,-173,-176,-166,-150,-171,-168,-169,-163,-182,-162,-162,-162,-164,-167,-167,-162,-167,-164,-153,-149,-153,-160,-166,-105,-160,-87,-93,-132,-164,-116,-153,-58,-61,-37,-37,74,-17,-14,-31,7,7,18,13,226,21,58,55,102,82,471,464,495,497,533,533,547,548,542,543,555,518,515,513,555,544,575,584,603,604,621,601]} 1. Nf3 d5 2. b3 c5 3. e3 Nc6 4. Bb5 f6 5. c4 ({RR} 5. Nc3 e5 6. Bxc6+ bxc6 7. Ba3 Ba6 8. Na4 Qa5 9. c4 dxc4 10. Qc2 Bb5 11. Qc3 Qa6 12. Bxc5 Bxa4 13. Bxf8 Kxf8 14. bxa4 Ne7 15. Rc1 Qxa4 16. Qxc4 Qxc4 17. Rxc4 Kf7 18. Ke2 Rhb8 19. Rhc1 Rb2 {Carlsen,M (2832)-Nakamura,H (2802) chess.com INT 2024 1-0 (44)}) ({RR} 5. Ba3 Qb6 6. c4 e6 7. Nc3 a6 8. Na4 Qa5 9. Bxc6+ bxc6 10. cxd5 cxd5 11. Rc1 Bd7 12. Bxc5 Bxa4 13. Bxf8 Kxf8 14. bxa4 Ne7 15. Nd4 e5 16. Rc5 Qb6 17. Nb3 Kf7 18. O-O h5 19. d4 e4 {Nihal,S (2687)-Sevian,S (2694) chess.com INT 2025 1-0 (34)}) 5... d4 6. b4 e5 7. d3 ({RR} 7. bxc5 Bxc5 8. exd4 Bxd4 9. Nxd4 Qxd4 10. Nc3 Nge7 11. Ba3 a6 12. Ba4 Qxc4 13. Rc1 b5 14. Bb3 Qg4 15. Nd5 Qe4+ 16. Ne3 b4 17. Rc4 Nd4 18. d3 Qb7 19. Rxb4 Nb5 20. Qh5+ Ng6 21. O-O Bd7 {Nakamura,H (2768)-Sarana,A (2662) Chess.com INT 2022 1-0 (72)}) 7... Bd7 $146 ({RR} 7... Bd6 8. Nbd2 Nge7 9. Ne4 dxe3 10. fxe3 cxb4 11. c5 Bc7 12. Qb3 a6 13. Ba4 Qd5 14. O-O Be6 15. Qxb4 O-O-O 16. Qb2 Qxd3 17. Nd6+ Bxd6 18. Rb1 Rd7 19. cxd6 Qxd6 20. Bd2 Bd5 21. Bb4 Qxb4 22. Qxb4 {Ganguly,S (2609)-Sankalp,G (2536) chess24.com INT 2022 ½-½ (64)}) 8. Bxc6 {The position is equal.} Bxc6 9. b5 Bd7 10. O-O Ne7 11. Re1 Kf7 12. exd4 exd4 13. Nbd2 {[%cal Bb1d2,Bd2e4,Be4g5,Bg5e6][%mdl 32]} h6 14. Ne4 Ng6 15. h4 h5 $1 16. Neg5+ Kg8 $1 ({Avoid the trap} 16... fxg5 $2 17. Nxg5+ Qxg5 18. Bxg5 $18) 17. Ne6 Qc8 18. Nf4 Bf5 19. Nxg6 Bxg6 20. Bf4 Qf5 $36 {[%mdl 2112] [#] Double Attack. Black is really pushing.} 21. Re4 Qg4 22. g3 (22. Qe2 $17) 22... Bxe4 $19 23. dxe4 Re8 24. Qd3 g6 25. Re1 Rh7 26. e5 Qf5 27. Qxf5 gxf5 28. Rd1 (28. exf6 {might work better.} Rxe1+ 29. Nxe1) 28... fxe5 29. Nxe5 Rhe7 30. Nd3 Re2 31. Bd2 Bd6 32. Kg2 Kf7 33. Kf3 R2e4 34. a4 Kf6 35. a5 Ke6 36. Rb1 Kd7 37. Rd1 R8e7 38. Bg5 R7e6 39. Bf4 Re8 40. Bd2 R8e7 41. Bg5 Rg7 42. Bh6 Rg8 43. Bd2 Rge8 44. Bg5 Re2 {And now ...Ra2 would win.} 45. Bd2 R8e6 46. Nc1 R2e4 47. Nd3 Rf6 48. Bg5 Rf8 49. Bh6 Ra8 50. Rb1 Kc7 51. Bd2 Rb8 52. Ra1 a6 53. Rb1 Ra8 54. Rb2 Rb8 55. Rb1 Ree8 (55... Rbe8 $17 56. bxa6 bxa6) 56. Nf4 $15 axb5 57. Rxb5 Ra8 (57... b6 $15 {stays ahead.} 58. Nxh5 Kc6) 58. Nd5+ (58. Nxh5 $16 Rac8 59. Ng7) 58... Kb8 $11 59. Nf6 Re7 60. Nxh5 Ra6 61. Nf6 Re6 $2 (61... Rc6 $11) 62. Nd5 $2 (62. Nd7+ $18 Kc8 63. Nxc5 Bxc5 64. Rxc5+ {[%mdl 64] Double Attack} Rac6 65. Rxf5) 62... Kc8 63. h5 Bf8 64. Bf4 {Hoping for Nc7.} Bh6 $2 {[%mdl 8192]} (64... Rac6 $16 {is more resistant.}) 65. Nc7 $18 {White is clearly winning.} Bxf4 66. Nxe6 {[%mdl 4096] Endgame KRB-KRN} Bd2 67. Rxc5+ {[%mdl 64] [#] Double Attack} Kb8 68. Nxd4 Bxa5 69. Rxf5 Kc8 70. Rf8+ Kd7 71. Rf7+ Kc8 72. Nf5 Bc3 73. h6 Ra3 74. h7 {aiming for Nd6+.} Kd8 75. Kg4 {Accuracy: White = 67%, Black = 58%.} 1-0

[Event "Division I"]
[Site "Chess.com"]
[Date "2024.05.12"]
[Round "52.1"]
[White "Firouzja, Alireza"]
[Black "Lazavik, Denis"]
[Result "1-0"]
[WhiteElo "2829"]
[BlackElo "2790"]
[Annotator "Stockfish 16.1"]
[PlyCount "41"]
[EventDate "2024.??.??"]
[WhiteTeam "FRA"]
[BlackTeam "BLR"]
[WhiteClock "0:01:48"]

{[%evp 9,41,-19,-21,-17,-10,-13,-13,-11,-4,-6,-3,0,86,86,72,101,91,66,168,128,130,158,185,198,217,203,242,242,251,-209,-193,-189,514,509]} 1. Nf3 d5 2. b3 Nf6 3. Bb2 e6 4. e3 Be7 5. g4 O-O 6. g5 Ne4 7. h4 c5 8. Nc3 {The position is equal.} ({RR} 8. c4 Nc6 9. d3 Nd6 10. Nbd2 b6 11. Bg2 Bb7 12. a3 Qc7 13. cxd5 exd5 14. d4 Nf5 15. Qc2 Bc8 16. O-O Be6 17. dxc5 bxc5 18. b4 cxb4 19. axb4 Bxb4 20. e4 dxe4 21. Nxe4 Rfc8 22. Ne5 Nxe5 {So,W (2780)-Karjakin,S (2773) Saint Louis 2018 0-1 (63)}) 8... Nxc3 9. dxc3 Nc6 10. c4 b6 $146 (10... d4 $11) ({RR} 10... Qa5+ 11. Qd2 dxc4 12. Bxc4 Rd8 13. Qxa5 Nxa5 14. Bd3 b6 15. Ne5 Bb7 16. Rg1 Rac8 17. O-O-O Rd6 18. h5 Rcd8 19. g6 fxg6 20. hxg6 hxg6 21. Nxg6 Bf6 22. Rg3 Bxb2+ 23. Kxb2 c4 24. bxc4 Be4 25. Ne5 {Shimanov,A (2582)-Hamidov,A (2247) chess.com INT 2024 1-0}) ({RR} 10... Qa5+ 11. Qd2 Qxd2+ 12. Nxd2 d4 13. exd4 cxd4 14. O-O-O e5 15. Bg2 f6 16. gxf6 Rxf6 17. Bd5+ Kh8 18. Rde1 Bd7 19. Ne4 Rf4 20. Kb1 Raf8 21. h5 h6 22. Bc1 R4f5 23. a3 Be8 24. b4 Rxh5 25. Rxh5 {Lazavik,D (2578)-Nepomniachtchi,I (2755) Oslo NOR 2024 1-0 (49)}) 11. Qd2 dxc4 12. Qc3 {[%csl Gb2][%cal Rc3g7]} f6 13. Bxc4 Na5 (13... Rb8 $14) 14. Rd1 Qe8 15. Rg1 Kh8 16. h5 Qxh5 17. gxf6 $1 Rxf6 (17... Bxf6 {[#]} 18. Qxf6 $1 {[%mdl 512]} gxf6 19. Bxf6+ $1 {[%mdl 512]} Rxf6 20. Rd8+ Qe8 21. Rxe8+ Rf8 22. Rxf8#) 18. Be2 Ba6 {And now ...Bxe2 would win.} 19. Rxg7 $4 {[%mdl 8192]} ({And not} 19. Bxa6 Qxf3 20. Qd2 Rf7 $11) (19. Qe5 $18 Qxe5 20. Nxe5 (20. Bxe5 Bxe2 21. Kxe2 Rg6 $16) 20... Bxe2 21. Rd7 (21. Kxe2 Rff8 $16)) 19... Kxg7 $19 20. Rd7 {White threatens Qxf6+ and mate.} Qf7 $4 {[%mdl 8192]} (20... Kf8 $19 {avoids the disaster.} 21. Rxe7 Qh1+ 22. Kd2 Rd8+ 23. Bd3 Rd4 24. exd4 Qxf3 25. Bxa6 Kxe7 26. dxc5 Qxf2+ 27. Be2 Rf5 28. Qg7+ Rf7 29. Qg5+ Kd7 30. cxb6 axb6) 21. Ng5 {Accuracy: White = 72%, Black = 64%.} 1-0

[Event "GRENKE Chess Classic and Open 2024"]
[Site "Karlsruhe, Germany"]
[Date "2024.03.31"]
[Round "10"]
[White "Keymer, Vincent"]
[Black "Ding, Liren"]
[Result "1-0"]
[WhiteElo "2627"]
[BlackElo "2818"]
[Annotator "rafael"]
[PlyCount "61"]
[EventDate "2024.??.??"]
[TimeControl "2700+10"]

{[%evp 0,61,36,20,20,-25,-22,-6,12,-3,-3,-6,-1,-24,-25,-31,-24,-17,-25,-27,-14,-11,-3,6,1,-8,4,17,0,-13,12,-19,-21,-24,-25,-16,62,60,71,71,59,53,112,104,209,209,195,196,256,337,482,482,482,382,313,365,365,376,384,384,396,322,327,327]} 1. Nf3 d5 2. g3 Nf6 3. Bg2 g6 4. c4 dxc4 5. Qa4+ Nfd7 6. h4 {It's no wonder that capturing on c4 immediately is the most popular move, but there's nothing terribly wrong with the optimistic and thematic h-pawn advance.} ({RR} 6. Qxc4 Bg7 7. O-O O-O 8. d3 c5 9. Nc3 Nc6 10. Be3 b6 11. Qh4 Bb7 12. d4 cxd4 13. Nxd4 Nxd4 14. Bxd4 Bxg2 15. Kxg2 Nf6 16. Rfd1 Qc7 17. Rac1 Qb7+ 18. f3 Rfd8 19. Qf4 Rac8 20. Qe3 h5 {Grischuk,A (2777)-Aronian,L (2773) chess24.com INT 2020 0-1 (97)}) ({RR} 6. O-O Bg7 7. Qxc4 O-O 8. d3 Nb6 9. Qh4 Nc6 10. Nc3 a5 11. Bh6 f6 12. Bxg7 Kxg7 13. d4 Nb4 14. Rfd1 c6 15. Qf4 a4 16. e4 Nc4 17. Qc1 a3 18. bxa3 Nxa3 19. Qb2 {½-½ (19) Dunnington,A (2256)-Urh,Z (2256) Darlington ENG 2024}) 6... Nc6 $146 {Now Black is threatening Nb6, so the pawn has to be taken.} ({RR} 6... h5 7. Ng5 Bg7 8. Na3 O-O 9. Nxc4 Na6 10. O-O Nb6 11. Nxb6 axb6 12. d3 Bd7 13. Qc4 Nc5 14. Rb1 Bc6 15. Bxc6 bxc6 16. b4 Na4 17. Bd2 Qd5 18. Rfc1 Rfc8 19. Rc2 Qxc4 20. Rxc4 c5 21. bxc5 {Vulevic,V (2293)-Liepold,S (2254) Basel 2011 0-1 (83)}) 7. Qxc4 Bg7 {Black doesn't need to worry too much about the pawn advance to h5, but if he wanted he could play h7-h6 immediately, with the idea of responding to h4-h5 with g6-g5.} (7... h6) 8. Nc3 (8. h5 {is possible and perhaps even more natural—after all, why else bother advancing the pawn to h4 $2 In any case, Black's position is good after} Nb6 9. Qb3 Be6) 8... Nb6 9. Qb3 h6 {Black decides to take a prophylactic measure. This is a very common move when White advances the h-pawn. It serves two purposes: on the one hand, it prepares g6-g5 if the pawn continues to advance, while on the other hand, it takes away the g5-square from the white knight.} 10. d3 O-O 11. O-O e5 {Black has a fine and probably even slightly better position. He has finished development, has good central control, and White's queen is not well-placed on b3.} 12. Ne4 a5 $5 {[%c_effect a5;square;a5;type;Interesting;persistent;true] Preparing to bother White's queen with a5-a4. There are other good moves as well.} (12... Be6 {is fine, immediately attacking the queen.}) (12... Kh8 {was played in Kovacevic-Lanka, Pula 1993.}) 13. Bd2 Bg4 {One of the drawbacks of the pawn advance to h4 is that this bishop can no longer be attacked with h2-h3.} (13... a4 {is logical: again, the question is why advance the pawn to a5 if you're not going to keep advancing it $2}) (13... Be6 {This is the machine's favorite move.} 14. Qc2 Nd7 {Preventing Nc5, with a good position for Black.}) 14. Qd1 {Black was threatening Bxf3 followed by Nd4.} Nd5 15. Rc1 Nd4 {Starting now, Ding Liren plays a series of misguided moves. This is not a serious error, but it already puts Black in danger.} (15... Nce7 $1 {[%c_effect e7;square;e7;type;GreatFind;persistent;true] is better, preparing b6-c5, reinforcing the center and leaving the knight on e4 without a good attacking square.}) 16. Nxd4 exd4 17. Qb3 $1 {[%c_effect b3;square;b3;type;GreatFind;persistent;true] The threat of capturing the b7-pawn is unpleasant.} c6 $2 {[%c_effect c6;square;c6;type;Mistake;persistent;true]} (17... Bxe2 $2 {[%c_effect e2;square;e2;type;Mistake;persistent;true] is wrong:} 18. Rfe1 Bg4 19. Nc5 {with too many threats on the queenside.}) (17... b6 $2 {[%c_effect b6;square;b6;type;Mistake;persistent;true]} 18. Qxd5 $1 {[%c_effect d5;square;d5;type;GreatFind;persistent;true] This is an important tactical theme.} Qxd5 19. Nf6+ Bxf6 20. Bxd5 Rad8 21. Be4 {White wins a pawn, since both c7 and h6 are threatened.}) (17... a4 $1 {[%c_effect a4;square;a4;type;GreatFind;persistent;true] The best move.} 18. Qxb7 Rb8 19. Qc6 (19. Qxd5 Qxd5 20. Nf6+ Bxf6 21. Bxd5 Rxb2 22. Bxh6 Rd8 {leads to simplification and an equal positioin.}) 19... Rxb2 {Black has enough counterplay to keep the game equal.}) 18. Qxb7 $1 {[%c_effect b7;square;b7;type;GreatFind;persistent;true]} Bxe2 $2 {[%c_effect e2;square;e2;type;Mistake;persistent;true] Another mistake.} (18... Rb8 {is necessary:} 19. Qxc6 Rxb2 20. Rc2 Rxc2 21. Qxc2 Qc8 {with some chances of surviving in this position a pawn down.} (21... Bxe2 $6 {[%c_effect e2;square;e2;type;Inaccuracy;persistent;true] is worse:} 22. Re1 Bg4 23. Qc5 {with a clear advantage for White.})) 19. Rfe1 Bxd3 20. Nc5 $1 {[%c_effect c5;square;c5;type;GreatFind;persistent;true]} Rb8 (20... Bb5 {protects the pawn on c6, but not for long.} 21. a4 $1 {[%c_effect a4;square;a4;type;GreatFind;persistent;true]} (21. Nd7 {is also possible, but less convincing after} Qc8 $1 {[%c_effect c8;square;c8;type;GreatFind;persistent;true]} 22. Qxb5 Qxd7 23. Qxc6 Qxc6 24. Rxc6 Nb4) 21... Rb8 22. Qa7 Ra8 23. Qd7 Qxd7 24. Nxd7 {winning the exchange.}) 21. Qxc6 Rxb2 $2 {[%c_effect b2;square;b2;type;Mistake;persistent;true] The final error.} (21... Nb4 $1 {[%c_effect b4;square;b4;type;GreatFind;persistent;true] is the last hope.} 22. Bxb4 Bb5 $1 {[%c_effect b5;square;b5;type;GreatFind;persistent;true] The only way to save the piece.} 23. Ne6 $1 {[%c_effect e6;square;e6;type;GreatFind;persistent;true]} Bxc6 24. Nxd8 Rfxd8 25. Bxa5 Bxg2 {Now White must choose between a position a pawn up or an exchange up. Both should be winning.} 26. Kxg2 (26. Bxd8 Bd5) 26... Rd5 27. b4 {with two strong passed pawns.}) 22. Bxd5 Bb5 (22... Rxd2 {loses in many ways.} 23. Nxd3 (23. Nd7 {also wins easily.}) 23... Rxd3 24. Bxf7+ $1 {[%c_effect f7;square;f7;type;GreatFind;persistent;true]} Rxf7 (24... Kxf7 25. Qe6#) 25. Re8+ {winning the queen.}) 23. Qb7 d3 24. Ne6 {A nice winning move.} (24. Rb1 {is simple and good.}) 24... fxe6 25. Rxe6 Kh8 (25... Kh7 26. Bc3) 26. Rxg6 Bd7 27. Rxh6+ $1 {[%c_effect h6;square;h6;type;GreatFind;persistent;true]} Bxh6 28. Qxb2+ Bg7 29. Bc3 Bxc3 30. Qxc3+ Qf6 31. Be4 {Black will lose another pawn. The World Champion's terrible form persists.} 1-0

[Event "Dubai Police Global Chess Challenge 202"]
[Site "Dubai Police Officers Club, A"]
[Date "2024.05.10"]
[Round "7.7"]
[White "Tabatabaei, M. Amin"]
[Black "Pranesh M"]
[Result "1-0"]
[WhiteElo "2707"]
[BlackElo "2535"]
[PlyCount "73"]
[EventDate "2024.??.??"]
[WhiteTeam "IRI"]
[BlackTeam "IND"]
[WhiteClock "0:19:41"]
[BlackClock "0:12:43"]

1. Nf3 d5 2. g3 c6 3. Bg2 Nf6 4. O-O Bg4 5. h3 Bh5 6. d4 Nbd7 7. c4 e6 8. cxd5 exd5 9. Qb3 ({RR} 9. Nh4 Bg6 10. Nc3 Be7 11. Nxg6 hxg6 12. Qd3 O-O 13. Bf4 Re8 14. Rad1 Nb6 15. Rfe1 Bd6 16. Bg5 Qd7 17. Bxf6 gxf6 18. e4 dxe4 19. Nxe4 Nd5 20. Qb3 Be7 21. Nc3 Nxc3 22. bxc3 Bf8 23. h4 Kg7 {Vachier Lagrave,M (2742) -Balogh,C (2630) Warsaw 2013 1/2-1/2 (40)}) ({RR} 9. Ne5 Bd6 10. f4 Bg6 11. Nc3 Be4 12. Nxe4 Nxe4 13. Bxe4 dxe4 14. Qb3 Bxe5 15. dxe5 Qb6+ 16. Be3 Qxb3 17. axb3 a6 18. Ra4 f5 19. Rb4 O-O-O 20. g4 g6 21. Rd4 Rhe8 22. Rd6 fxg4 23. hxg4 g5 {Svane,R (2637)-Ibrahimli,M (2418) chess.com INT 2022 1-0 (33)}) 9... Nb6 ({RR} 9... Qb6 10. Qe3+ Be7 11. Nh4 Bg6 12. Nc3 Nf8 13. Nxg6 hxg6 14. Rd1 Ne6 15. Rb1 a5 16. Qd3 Rd8 17. a3 Ne4 18. Nxe4 dxe4 19. Qxe4 Rxd4 20. Rxd4 Qxd4 21. Qc2 O-O 22. Bd2 Ra8 23. e3 Qc5 24. Qxc5 {Harikrishna,P (2717)-Ponomariov,R (2640) Czech Republic CZE 2023 ½-½ (34)}) ({RR} 9... Qb6 10. Qe3+ Be7 11. Nh4 Bg6 12. Nc3 Qd8 13. f4 c5 14. Kh2 cxd4 15. Qxd4 Bc5 16. Qd1 Nb6 17. f5 Bh5 18. Bg5 O-O 19. Qd3 Bd6 20. Bf4 Bxf4 21. Rxf4 Re8 22. g4 Nxg4+ 23. hxg4 Qxh4+ 24. Qh3 {Suleymanli,S (2291)-Eliseev,S (2201) chess.com INT 2025 1-0}) 10. Ne5 $146 ({RR} 10. Nc3 Be7 11. Ne5 Nfd7 12. Nd3 O-O 13. a4 a5 14. Nf4 Bg6 15. Nxg6 hxg6 16. e4 dxe4 17. Nxe4 Nd5 18. Qxb7 Nb4 19. Bf4 Nf6 20. Nxf6+ Bxf6 21. Rad1 Bxd4 22. Bxc6 Ra7 23. Qxa7 Bxa7 24. Rxd8 Rxd8 {Bluebaum,M (2640)-Cruz Lledo,P (2415) Stockholm 2017 1-0 (69)}) ({RR} 10. a4 a5 11. Nh4 Bb4 12. Bd2 Bxd2 13. Nxd2 O-O 14. e3 Re8 15. Rfc1 Ra7 16. Qa3 Qe7 17. Qxe7 Rxe7 18. g4 Bg6 19. Nxg6 hxg6 20. Rcb1 Nc8 21. b4 axb4 22. Rxb4 Nd6 23. Nb3 Nd7 24. a5 g5 {Palachev,P (2380)-Lintchevski,D (2532) Voronezh 2017 1/2-1/2 (40)}) 10... Nfd7 $146 ({RR} 10... Be7 11. Nc3 Nfd7 12. f4 f6 13. Nd3 f5 14. a4 a5 15. Ne5 Ra6 16. g4 Nxe5 17. fxe5 fxg4 18. hxg4 Bxg4 19. e4 Be6 20. Ne2 Qd7 21. Nf4 O-O 22. Nxe6 Rxf1+ 23. Bxf1 Qxe6 24. Bxa6 Qg4+ 25. Kh2 {Karthikeyan,M (2578)-Debashis,D (2494) Patna 2017 ½-½}) 11. g4 Bg6 12. f4 Nxe5 13. dxe5 f5 14. Be3 Qd7 15. Nd2 fxg4 16. hxg4 Qxg4 17. a4 d4 18. Bxd4 Rd8 19. Qf3 Qxf3 20. Nxf3 Be4 21. a5 Bxf3 22. axb6 a6 23. e3 Bxg2 24. Kxg2 g6 25. Rad1 Bg7 26. Bc5 Kf7 27. Bd6 Rd7 28. Bc7 Rxd1 29. Rxd1 Ke7 30. e4 Rg8 31. Kf3 Ke6 32. Rd6+ Kf7 33. Bd8 Bf8 34. Rd7+ Ke8 35. Rxb7 Kxd8 36. Rb8+ Kd7 37. Ra8 1-0